000 00262nam a22000857a 4500
008 161115b xxu||||| |||| 00| 0 eng d
100 _91222
_aGupta. R. G
245 _aComposite mathamatics for us : including lab activities VII
260 _aNew delhi
_bRachna sagar
_c2007
999 _c3913
_d3913